NHL Team's All-Time Single Season Points Leader - Statistics

General Stats
  • This quiz has been taken 134 times
  • The average score is 20 of 32
Answer Stats
Franchise Season Point # Player % Correct
Oilers 1985-86 215 Wayne Gretzky
99%
Kings 1988-89 168 Wayne Gretzky
99%
Penguins 1988-89 199 Mario Lemieux
98%
Red Wings 1988-89 155 Steve Yzerman
91%
Coyotes/Jets 1992-93 132 Teemu Selänne
88%
Ducks 1996-97 109 Teemu Selänne
88%
Bruins 1970-71 152 Phil Esposito
85%
Canadiens 1976-77 136 Guy Lafleur
83%
Lightning 2018-19 128 Nikita Kucherov
83%
Islanders 1981-82 147 Mike Bossy
82%
Blues 1990-91 131 Brett Hull
81%
Canucks 2009-10 112 Henrik Sedin
77%
Sharks 2006-07 114 Joe Thornton
77%
Wild 2021-22 108 Kirill Kaprizov
75%
Panthers 2021-22 115 Jonathan Huberdeau
72%
Rangers 2005-06 123 Jaromír Jágr
68%
Sabres 1992-93 148 Pat LaFontaine
64%
Predators 2021-22 96 Roman Josi
61%
Golden Knights 2017-18 78 William Karlsson
60%
Senators 2006-07 105 Dany Heatley
58%
Devils 2000-01 96 Patrik Eliáš
54%
Kraken 2021-22 50 Jared McCann
50%
Avalanche/Nordiques 1981-82 139 Peter Šťastný
48%
Maple Leafs 1992-93 127 Doug Gilmour
47%
Blue Jackets 2018-19 87 Artemi Panarin
42%
Jets/Thrashers 2006-07 100 Marián Hossa
34%
Flyers 1992-93 123 Mark Recchi
32%
Blackhawks 1987-88 131 Denis Savard
30%
Capitals 1981-82 136 Dennis Maruk
23%
Stars/North Stars 1981-82 114 Bobby Smith
20%
Flames 1980-81 131 Kent Nilsson
18%
Hurricanes/Whalers 1979-80 105 Mike Rogers
12%
No matching quizzes found
Score Distribution
Percent of People with Each Score
Percentile by Number Answered
Your Score History
You have not taken this quiz